Vista normal Vista MARC

Entrada Corporate Name

Número de registros utilizados en: 6

001 - CONTROL NUMBER

  • control field: 2782

003 - CONTROL NUMBER IDENTIFIER

  • control field: OSt

005 - DATE AND TIME OF LATEST TRANSACTION

  • control field: 20200408010833.0

008 - FIXED-LENGTH DATA ELEMENTS

  • fixed length control field: 200408|| aca||aabn | a|a d

040 ## - CATALOGING SOURCE

  • Original cataloging agency: OSt
  • Transcribing agency: OSt

110 ## - HEADING--CORPORATE NAME

  • Corporate name or jurisdiction name as entry element: Colombia.
  • Subordinate unit: Procuraduría General de la Nación

670 ## - SOURCE DATA FOUND

  • Source citation: Work cat.: (OSt)5174: Colombia. Procuraduría General de la Nación, Guía de la participación ciudadana / , 2007